Aller au contenu

Плоскостопие у детей (диагностика и лечение) учебное пособие

В учебном пособии изложены современные методы диагностики и лечения плоскостопия у детей, основные моменты этиологии, патогенеза и классификации. Особого внимания заслуживают разделы, посвященные методам хирургического лечения ригидного плоскостопия. В приложении изложен комплекс упражнений для трен...

Description complète

Enregistré dans:
Détails bibliographiques
Auteur principal: Кенис В. М.
Autres auteurs: Баиндурашвили А. Г., Сапоговский А. В., Димитриева А. Ю.
Format: Книга
Langue:Russian
Publié: Санкт-Петербург СЗГМУ им. И.И. Мечникова 2021
Accès en ligne:https://e.lanbook.com/book/413021
https://e.lanbook.com/img/cover/book/413021.jpg
Tags: Ajouter un tag
Pas de tags, Soyez le premier à ajouter un tag!
LEADER 02320nam0a2200301 i 4500
001 413021
003 RuSpLAN
005 20240529110059.0
008 240529s2021 ru gs 000 0 rus
040 |a RuSpLAN 
041 0 |a rus 
044 |a ru 
080 |a 617.586-007.58-053.-07-08 
084 |a 54.58  |2 rubbk 
245 0 0 |a Плоскостопие у детей (диагностика и лечение)  |b учебное пособие  |c Кенис В. М.,Баиндурашвили А. Г.,Сапоговский А. В.,Димитриева А. Ю. 
260 |a Санкт-Петербург  |b СЗГМУ им. И.И. Мечникова  |c 2021 
300 |a 55 с. 
504 |a Библиогр.: доступна в карточке книги, на сайте ЭБС Лань 
520 8 |a В учебном пособии изложены современные методы диагностики и лечения плоскостопия у детей, основные моменты этиологии, патогенеза и классификации. Особого внимания заслуживают разделы, посвященные методам хирургического лечения ригидного плоскостопия. В приложении изложен комплекс упражнений для тренировки баланса туловища при мобильном плоскостопии, разработанный авторами данной работы. Учебное пособие предназначено для ортопедов, травматологов, реабилитологов и врачей других специальностей, участвующих в оказании медицинской помощи детям с патологией стопы. 
521 8 |a Книга из коллекции СЗГМУ им. И.И. Мечникова - Медицина 
521 8 |a СЭБ 
100 1 |a Кенис В. М. 
700 1 |a Баиндурашвили А. Г. 
700 1 |a Сапоговский А. В. 
700 1 |a Димитриева А. Ю. 
856 4 |u https://e.lanbook.com/book/413021 
856 4 8 |u https://e.lanbook.com/img/cover/book/413021.jpg 
953 |a https://e.lanbook.com/img/cover/book/413021.jpg